000 02185cam a2200277 i 4500
003 SA-RiAUC
005 20251102113636.0
008 251101s1965 su g 00000 ara c
040 _aSA-RiAUC
_bara
_cSA-RiAUC
_erda
082 0 4 _a252.5
090 _a252.5
_b ا ب ن ب
100 1 _aابن باز، عبد العزيز بن عبد الله بن عبد الرحمن،
_d1332-1420 هجري
_eمؤلف.
245 1 2 _aالتحقيق والإيضاح لكثير من مسائل الحج والعمرة /
_cعبد العزيز بن عبد الله بن باز.
250 _aالطبعة السادسةعشر.
264 1 _a[مكان النشر غير محدد] :
_b[الناشر غير محدد]،
_c1965
264 3 _aمكة المكرمة :
_bمطبعة الحكومة.
300 _a121 صفحة ؛
_c12 سم
336 _aنص
_btxt
_2rdacontent
_3كتاب
337 _aبدون وسيط
_bn
_2rdamedia
338 _aمجلد
_bnc
_2rdacarrier
650 7 _aالحج
_2aucsh
856 _uhttp://saaid.net/book/open.php?cat=99&book=94
_yExternal Link
_2 نرجو الانتباه لإمكانية وجود اختلاف في الطبعة أو الناشر بين البيانات على البوابة وما ستجده على الكتاب نظرا لمحدودية المعلومات المتاحة على الموقع الناشر للمادة.
_3Please note that there may be a difference in the edition or publisher between the data on the portal and the book due to the limited information available on the publisher website for the material.
856 _uhttp://www.saaid.net/book/90.pdf
_yDigital Copy
_2 نرجو الانتباه لإمكانية وجود اختلاف في الطبعة أو الناشر بين البيانات على البوابة وما ستجده على الكتاب نظرا لمحدودية المعلومات المتاحة على الموقع الناشر للمادة.
_3Please note that there may be a difference in the edition or publisher between the data on the portal and the book due to the limited information available on the publisher website for the material.
942 _2ddc
_cBOOK
_n0
949 _aSA-JeALM
_d251101
_umohamedma123
_n1
999 _c12903
_d12903